000
00470nam a2200181Ia 4500
008
090124s9999 xx 000 0 und d
082
_b
22164
_a
1363
100
_a
जोग ल.ग.
245
_a
अरुपाचे रुप
250
_a
1
260
_c
1978
300
_a
235
600
_a
जोग ल.ग.
630
_a
अरुपाचे रुप
700
_a
जोग ल.ग.
730
_a
अरुपाचे रुप
942
_c
BOOK
999
_c
135809
_d
135809